CHRONIC FORM OF EXPERIMENTAL RABIES IN MICE

Bibliographic Details
Main Authors: Selimov, M. A. (Author), Tatarov, A. G. (Author), Korolev, M. B. (Author)
Format: Article
Language:English

MARC

LEADER 00000nab a2200000uu 4500
001 vtls011455851
003 SK-MaSNL
005 20260303215503.0
008 230222|1979 xo |||||||||||||||||eng|
015 |a SNBRB 
035 |a (urnnbn)urn:nbn:sk:snk:ar-a080j2 
035 |a (uuid)05354e33-3cc9-40d7-8ef7-5c402cb92e03 
035 |a urn:nbn:sk:snk-abcqsy 
040 |a SNKBUCL  |b slo  |c SNKBUCL  |e AACR2 
041 0 |a eng 
044 |a xo  |c SK 
100 1 |a Selimov, M. A.  |4 aut  |9 959808 
245 1 0 |a CHRONIC FORM OF EXPERIMENTAL RABIES IN MICE  |c M. A. Selimov, A. G. Tatarov, M. B. Korolev 
700 1 |a Tatarov, A. G.  |4 aut  |9 1011420 
700 1 |a Korolev, M. B.  |4 aut  |9 925114 
773 0 |t Acta virologica  |g Roč. 23, č. 2 (1979), s. 143-147 
958 |a OND 
958 |a EUIPO 
958 |a article16 
999 |c 2221925  |d 2223855